Online
Catalog

El holocausto del mundo ; (Record no. 34723)

MARC details
000 -CABECERA
campo de control de longitud fija 01741nam a2200325 a 4500
001 - NÚMERO DE CONTROL
campo de control 000035232
005 - FECHA Y HORA DE LA ÚLTIMA TRANSACCIÓN
campo de control 20200930074207.0
008 - DATOS DE LONGITUD FIJA--INFORMACIÓN GENERAL
campo de control de longitud fija 111026s1990 sp 000 0 spa d
020 ## - NÚMERO INTERNACIONAL ESTÁNDAR DEL LIBRO
Número Internacional Estándar del Libro 9580410216
040 ## - FUENTE DE LA CATALOGACIÓN
Centro catalogador/agencia de origen DO-SdBNP
Lengua de catalogación spa
Centro/agencia transcriptor BNPHU
082 ## - NÚMERO DE LA CLASIFICACIÓN DECIMAL DEWEY
Número de clasificación 813.5
Número de documento/Ítem H399h
100 1# - ENTRADA PRINCIPAL--NOMBRE DE PERSONA
Nombre de persona Hawthorne, Nathaniel,
Fechas asociadas al nombre 1804-1864
9 (RLIN) 9987
240 14 - TÍTULO UNIFORME
Título uniforme The holocaust of the world
Lenguaje de la obra español
245 13 - MENCIÓN DE TÍTULO
Título El holocausto del mundo ;
Resto del título A propósito de Hawthorne y su obra. /
Mención de responsabilidad, etc. Nathaniel Hawthorne ; traducción Carlos José Restrepo L.
260 ## - PUBLICACIÓN, DISTRIBUCIÓN, ETC.
Lugar de publicación, distribución, etc. Bogotá :
Nombre del editor, distribuidor, etc. Editorial Norma,
Fecha de publicación, distribución, etc. 1990.
300 ## - DESCRIPCIÓN FÍSICA
Extensión 170, 71 p. ;
Dimensiones 19 cm.
490 1# - MENCIÓN DE SERIE
Mención de serie Cara cruz
500 ## - NOTA GENERAL
Nota general Traducido del inglés.
501 ## - NOTA DE "CON"
Nota de “Con” Publicado con: A propósito de Hawthorne y su obra.
504 ## - NOTA DE BIBLIOGRAFÍA, ETC.
Nota de bibliografía, etc. Bibliografía : p. 71
505 0# - NOTA DE CONTENIDO CON FORMATO
Título El holocausto del mundo --
-- El joven Goodman Brown --
-- El velo negro del pastol --
-- La ambición del forastero Ethan Bran --
-- El entierro de Roger Malvin --
Información miscelánea A propósito de su obra --
Título Prefacio a la tercera edición de Twice told tales /
Mención de responsabilidad Nathaniel Hawthorne --
Título Biografía, () los resplandores de la culpa /
Mención de responsabilidad Carlos José Restrepo L. --
Título Cuadernos de apuntes /
Mención de responsabilidad Nathaniel Hawthorne --
Título Hawthorne y sus musgos /
Mención de responsabilidad Herman Melville --
Título Citas a propósito de Hawthorne y su obra --
-- Cronología --
-- Bibliografía.
563 ## - NOTA DE ENCUADERNACIÓN
Nota de encuadernación Dos obras con encuadernación invertida en paginación independiente.
600 14 - PUNTO DE ACCESO ADICIONAL DE MATERIA--NOMBRE DE PERSONA
Nombre de persona HAWTHORNE, NATHANIEL,
Fechas asociadas al nombre 1804-1864
Subdivisión general CRÍTICA E INTERPRETACIÓN
9 (RLIN) 60983
650 #4 - PUNTO DE ACCESO ADICIONAL DE MATERIA--TÉRMINO DE MATERIA
Término de materia o nombre geográfico como elemento de entrada Cuentos estadounidense
9 (RLIN) 10646
650 #4 - PUNTO DE ACCESO ADICIONAL DE MATERIA--TÉRMINO DE MATERIA
Término de materia o nombre geográfico como elemento de entrada Literatura estadounidense
9 (RLIN) 263
700 1# - PUNTO DE ACCESO ADICIONAL--NOMBRE DE PERSONA
Nombre de persona Restrepo L., Carlos José,
Término indicativo de función/relación tr.
9 (RLIN) 60984
740 12 - PUNTO DE ACCESO ADICIONAL--TÍTULO RELACIONADO O ANALÍTICO NO CONTROLADO
Título relacionado o analítico no controlado Apropósito de Hawthorne y su obra
830 #0 - PUNTO DE ACCESO ADICIONAL DE SERIE-TÍTULO UNIFORME
Título uniforme Cara cruz
9 (RLIN) 60985
910 ## - DATOS DE OPCIÓN DEL USUARIO (OCLC)
Datos de opción del usuario Validado. Control de calidad BNPHU
Holdings
Estado de retiro Estado de pérdida Restricciones de uso No para préstamo Código de colección Localización permanente Ubicación/localización actual Ubicación en estantería Fecha de adquisición Número de inventario Total de préstamos Signatura topográfica completa Código de barras Fecha visto por última vez Precio válido a partir de Tipo de ítem Koha Nota pública
      Excluido de préstamo Monografías: Libros y Folletos General General Depósito 26.10.2011 LF1   813.5 H399h 35232-10 25.06.2020 25.06.2020 No se presta Perteneció a la biblioteca personal de Juan Isidro Jimenes -Grullón

Powered by Koha